Trois noms pour un prénom... Hommes - Statistiques

Statistiques générales
  • Ce quiz a été pris 372 fois
  • Le résultat moyen est 38 sur 50
Statistiques - réponses
Noms Prénoms % Correct
Ferrat - Amadou - Giraudoux Jean
96%
Delpech - Sardou - Berger Michel
96%
De Gaulle - Aznavour - Garnier Charles
94%
Martin - Chancel - Chirac Jacques
94%
Einstein - Camus - Lebrun Albert
93%
Auteuil - Balavoine - Craig Daniel
93%
Dechavanne - Colomb - Maé Christophe
92%
Auriol - Cassel - Lagaf' Vincent
92%
Barrière - Bombard - Chabat Alain
91%
Lavoine - Chagall - Jolivet Marc
91%
Giroud - Marchal - Minne Olivier
91%
Baudry - Bruel - Bosso Patrick
91%
Léotard - Lavil - Etchebest Philippe
91%
Dutronc - Edison - Pesquet Thomas
91%
Bacon - Bouygues - Cabrel Francis
89%
Jugnot - Blanchard - Darmon Gérard
89%
Hallyday - Douillet - Ginola David
88%
Fourcade - Lamotte - Scorcese Martin
87%
Perret - Arditi - Bachelet Pierre
87%
Cabrol - Doppler - Clavier Christian
86%
Fabius - Baffie - Broomhead Laurent
86%
Federer - Carel - Moore Roger
86%
Berger - Clapton - Cantona Eric
85%
Collaro - Bern - Rotenberg Stéphane
85%
Salvador - Becquerel - Troyat Henri
81%
Verne - Mazarin - Michelet Jules
80%
Lecoq - Montand - Duteil Yves
80%
Brasseur - Devoise - Dumas Alexandre
78%
Barjavel - Clair - Coty René
78%
Agassi - Claveau - Dussollier André
74%
Moustaki - Bernanos - Simenon Georges
72%
Belmondo - Amar - Féval Paul
72%
Arago - Berléand - de Closets François
71%
Lemmon - Kerouac - Lang Jack
69%
Beccaro - Desroses - Dusautoir Thierry
69%
Bacri - Darroussin - Descombes Jean-Pierre
67%
Allègre - Bernard - Evin Claude
66%
Blier - Clavel - Giraudeau Bernard
65%
Coquatrix - Solo - Cremer Bruno
65%
Blunt - Cagney - Brown James
65%
Béart - Bedos - Savoy Guy
64%
Charlebois - Schumann - Enrico Robert
64%
Anconina - Burton - Gere Richard
62%
Collins - Caine - Gregorio Michael
61%
Béjart - Chevit - Chevalier Maurice
54%
Appert - Fouquet - Gogol Nicolas
53%
Anton - Bazille - Michalak Frédéric
45%
Amont - Bigeard - Carné Marcel
45%
Brialy - Bouillon - Dreyfus Jean-Claude
41%
Bonaparte - Fouché - Gallieni Joseph
16%
Aucun quiz correspondant
Distribution des résultats
% des personnes avec chaque résultat
Percentile par nombre de réponses
Votre historique - résultats
Vous n’avez pas pris ce quiz